LIBRARY & INFORMATION CENTRE, KCAET, TAVANUR

ONLINE PUBLIC ACCESS CATALOGUE (OPAC)

Fertiliser management in food crops / (Record no. 350)

MARC details
000 -LEADER
fixed length control field 00497cam a2200181ua 4500
020 ## - INTERNATIONAL STANDARD BOOK NUMBER
ISBN 81-85116-27-x
041 ## - LANGUAGE CODE
Language code of text/sound track or separate title eng
082 ## - DEWEY DECIMAL CLASSIFICATION NUMBER
Classification number 631.8
Item number TAN/FE
100 ## - MAIN ENTRY--AUTHOR NAME
Personal name Tandon , H.L.S .
245 ## - TITLE STATEMENT
Title Fertiliser management in food crops /
260 ## - PUBLICATION, DISTRIBUTION, ETC. (IMPRINT)
Place of publication Newdelhi :
Name of publisher Fertiliser Development Consultation Organisation ,
Year of publication 1993.
300 ## - PHYSICAL DESCRIPTION
Number of Pages 192 ; .
942 ## - ADDED ENTRY ELEMENTS (KOHA)
Koha item type Books
Holdings
Withdrawn status Lost status Damaged status Home library Current library Date acquired Full call number Accession Number Koha item type
      KAUAET KAUAET 07/04/2012 631.8 20224 Books
      KAUAET KAUAET 07/04/2012 631.8 19660 Books
free website counter